ARRUPE JESUIT UNIVERSITY

CORONAVIRUS -STOP THE SPREAD - CLEAN,DISINFECT,COVER

Handbook of church history/ (Record no. 125852)

MARC details
000 -LEADER
fixed length control field 00956cam a22002891 4500
001 - CONTROL NUMBER
control field 1695866
003 - CONTROL NUMBER IDENTIFIER
control field ARRUPE
005 - DATE AND TIME OF LATEST TRANSACTION
control field 20161202104846.0
008 - FIXED-LENGTH DATA ELEMENTS--GENERAL INFORMATION
fixed length control field 711124m19659999nyu b 000 0 eng
010 ## - LIBRARY OF CONGRESS CONTROL NUMBER
LC control number 64015929
040 ## - CATALOGING SOURCE
Original cataloging agency DLC
Transcribing agency DLC
Modifying agency DLC
041 1# - LANGUAGE CODE
Language code of text/sound track or separate title engger
050 00 - LIBRARY OF CONGRESS CALL NUMBER
Classification number BR145.2
Item number .J413
082 00 - DEWEY DECIMAL CLASSIFICATION NUMBER
Classification number 270
300 ## - PHYSICAL DESCRIPTION
Dimensions 25 cm.
100 1# - MAIN ENTRY--PERSONAL NAME
Personal name Jedin, Hubert,
Dates associated with a name 1900-
Relator term ed.
9 (RLIN) 27872
245 10 - TITLE STATEMENT
Title Handbook of church history/
Statement of responsibility, etc edited by Hubert Jedin and John Dolan.
260 ## - PUBLICATION, DISTRIBUTION, ETC. (IMPRINT)
Place of publication, distribution, etc New York
Name of publisher, distributor, etc Herder and Herder
Date of publication, distribution, etc [1969
300 ## - PHYSICAL DESCRIPTION
Extent xviii,573p.;
500 ## - GENERAL NOTE
General note Vols. 5- published under title: History of the church.
504 ## - BIBLIOGRAPHY, ETC. NOTE
Bibliography, etc Includes bibliographies.
505 1# - FORMATTED CONTENTS NOTE
Formatted contents note v. 1 From the apostolic community to Constantine, by K. Baus.
610 20 - SUBJECT ADDED ENTRY--CORPORATE NAME
Corporate name or jurisdiction name as entry element Catholic Church
General subdivision History.
9 (RLIN) 11098
650 #0 - SUBJECT ADDED ENTRY--TOPICAL TERM
Topical term or geographic name as entry element Church history.
9 (RLIN) 27873
700 1# - ADDED ENTRY--PERSONAL NAME
Personal name Dolan, John Patrick,
Relator term joint ed.
9 (RLIN) 27874
906 ## - LOCAL DATA ELEMENT F, LDF (RLIN)
a 7
b cbc
c orignew
d u
e ocip
f 19
g y-gencatlg
942 ## - ADDED ENTRY ELEMENTS (KOHA)
Source of classification or shelving scheme Library of Congress Classification
Koha item type Monograph ( Printed materials)
Holdings
Withdrawn status Lost status Source of classification or shelving scheme Damaged status Not for loan Collection code Home library Current library Shelving location Date acquired Total Checkouts Full call number Barcode Date last seen Price effective from Koha item type
    Library of Congress Classification     Main Collection ARRUPE LIBRARY ARRUPE LIBRARY Main Collection 02/12/2016   BR145.2 .J413 46500008763 02/12/2016 02/12/2016 Monograph ( Printed materials)

 

Arrupe Library. PO Box MP320 Mt Pleasant, Harare, Zimbabwe
263 242 745411|librarian@aju.ac.zw